Service modelling : principles and applications (Record no. 287115)

MARC details
000 -LEADER
fixed length control field 00406nam a2200157Ia 4500
005 - DATE AND TIME OF LATEST TRANSACTION
control field 20241029100857.0
008 - FIXED-LENGTH DATA ELEMENTS--GENERAL INFORMATION
fixed length control field 240126s9999 xx 000 0 und d
020 ## - INTERNATIONAL STANDARD BOOK NUMBER
International Standard Book Number 9780470018071
082 ## - DEWEY DECIMAL CLASSIFICATION NUMBER
Classification number 658.5 RAI;1 R
100 ## - MAIN ENTRY--PERSONAL NAME
Personal name Raisanen, Vilho.
245 #0 - TITLE STATEMENT
Title Service modelling : principles and applications
260 ## - PUBLICATION, DISTRIBUTION, ETC. (IMPRINT)
Name of publisher, distributor, etc. John wiley
Place of publication, distribution, etc. England
Date of publication, distribution, etc. 2006
300 ## - PHYSICAL DESCRIPTION
Extent xxv, 267
440 ## - SERIES STATEMENT/ADDED ENTRY--TITLE
Title NULL
942 ## - ADDED ENTRY ELEMENTS (KOHA)
Koha item type PESU Books
Holdings
Date last seen Total Checkouts Full call number Accession number Volume/Issue Number Cost, replacement price Price effective from Category Lost status Damaged status Department Withdrawn status bill no. Permanent Location Current Location Shelving location Entry date Vendor Cost, normal purchase price Grants Currency symbol Conversion rate Discount Discount type
26/01/2024   658.5 RAI;1 R PU9733 (28/06/1905) 8016.05 26/01/2024 PESU Books     HEM   1507 Central Library Central Library BHM 30/03/2019 Surya Book Supplier 159.95 HM USD 74.8 52.7835 Rupees

© For any Suggestions or Query, please contact the library staff @ librarian@pes.edu or Phone: +9180 2672 1983/ 2108.